Sports Quiz

Random Sports or NFL Quiz

NFL Non-QB's to throw a TD pass since 2000 Quiz Stats

 Plays Quiz not verified by Sporcle

Score 0/68 Timer 10:00
0 Plays Today
Team/Position Player % Correct
SDG/RBLadainian Tomlinson
90.5%
SDG/RBLadainian Tomlinson
90.5%
SDG/RBLadainian Tomlinson
90.5%
SDG/RBLadainian Tomlinson
90.5%
STL/KJosh Brown
89.7%
MIA/RBRonnie Brown
88.9%
MIA/RBRonnie Brown
88.9%
STL/RBSteven Jackson
88.1%
BUF/RBFred Jackson
88.1%
PIT/RBJerome Bettis
86.5%
PIT/WRAntwaan Randle-El
86.5%
WAS/WRAntwaan Randle-El
86.5%
PIT/RBJerome Bettis
86.5%
PIT/WRAntwaan Randle-El
86.5%
WAS/WRAntwaan Randle-El
86.5%
PIT/WRAntwaan Randle-El
86.5%
MIN/WRRandy Moss
85.7%
GNB/RBAhman Green
84.9%
BAL/RBRay Rice
84.9%
NYJ/RBCurtis Martin
84.1%
NYJ/RBCurtis Martin
84.1%
OAK/PShane Lechler
82.5%
IND/RBJoesph Addai
81.7%
WAS/RBClinton Portis
81%
WAS/RBClinton Portis
81%
WAS/RBClinton Portis
81%
CLE/WRKevin Johnson
77.8%
CHI/RBAdrian Peterson
77.8%
KAN/RBLarry Johnson
77.8%
SFO/KDavid Akers
77%
NOR/RBDeuce McAllister
72.2%
PHI//RBBrian Westbrook
71.4%
GNB/TEBubba Franks
67.5%
NWE/KAdam Vinatieri
65.1%
Team/Position Player % Correct
MIN/RBChester Taylor
64.3%
BUF/RBMarshawn Lynch
61.9%
ARI/RBEmmitt Smith
60.3%
WAS/PHunter Smith
60.3%
TAM/RBEarnest Graham
58.7%
TAM/RBEarnest Graham
58.7%
MIN/KRyan Longwell
57.1%
BUF/P Brian Moorman
56.3%
BUF/PBrian Moorman
56.3%
MIN/RBMewelde Moore
54.8%
TEN/TEFrank Wycheck
54.8%
PIT/RBMewelde Moore
54.8%
HOU/WRJabar Gaffney
50.8%
TEN/WRDrew Bennett
50%
CHI/WRMarty Booker
49.2%
CHI/WRMarty Booker
49.2%
DAL/FBRichie Anderson
42.1%
STL/WRAz-Zahir Hakim
41.3%
CLE/WRMohamed Massaquoi
41.3%
PHI/WRFreddie Mitchell
37.3%
PHI/RBBrian Mitchell
36.5%
BAL/WRMark Clayton
32.5%
CHI/PBrad Maynard
26.2%
CHI/PBrad Maynard
26.2%
NWE/WRDavid Patten
25.4%
WAS/WRRod Gardner
24.6%
IND/TEKen Dilger
19%
HOU/RBJames Allen
19%
PIT/WRJosh Miller
17.5%
WAS/WRBrandon Banks
13.5%
GNB/RBTony Fisher
8.7%
KAN/WRMark Bradley
6.3%
WAS/WRKevin Lockett
3.2%
WAS/WRKevin Lockett
3.2%

You're not logged in!

Compare scores with friends on all Sporcle quizzes.
OR
Log In

Show Comments

Extras

Top Quizzes Today


Score Distribution

Your Account Isn't Verified!

In order to create a playlist on Sporcle, you need to verify the email address you used during registration. Go to your Sporcle Settings to finish the process.

Report this User

Report this user for behavior that violates our Community Guidelines.

Details: